Hyperbarická medicína /

Hlavní autor: Hájek, Michal, 1969-
Jazyk: Čeština
Vydáno: Praha : Mladá fronta, 2017
Vydání: První vydání
Edice: Aeskulap
Témata:
Fyzický popis: 453 stran : ilustrace (převážně barevné) ; 25 cm
Language note: Anglické resumé
Knihy
Uloženo v:
LEADER 01825cam a2200505 i 4500
001 nkc20172900488
003 CZ PrNK
005 20180110091129.0
007 ta
008 170503s2017 xr a f 001 0 cze d
015 |a cnb002900488 
020 |a 978-80-204-4235-2  |q (vázáno) 
035 |a (OCoLC)1022794186 
040 |a KLG001  |b cze  |d BOA001  |e rda 
041 0 |a cze  |b eng 
072 7 |a 616  |x Patologie. Klinická medicína  |2 Konspekt  |9 14 
080 |a 616:615.835  |2 MRF 
080 |a 615.835  |2 MRF 
080 |a (048.8:082)  |2 MRF 
100 1 |a Hájek, Michal,  |d 1969-  |7 xx0089812  |4 aut 
245 1 0 |a Hyperbarická medicína /  |c Michal Hájek a kol. 
250 |a První vydání 
264 1 |a Praha :  |b Mladá fronta,  |c 2017 
300 |a 453 stran :  |b ilustrace (převážně barevné) ;  |c 25 cm 
336 |a text  |b txt  |2 rdacontent 
337 |a bez média  |b n  |2 rdamedia 
338 |a svazek  |b nc  |2 rdacarrier 
490 1 |a Aeskulap 
504 |a Obsahuje bibliografie a rejstřík 
546 |a Anglické resumé 
650 0 7 |a hyperbarická medicína  |7 ph870952  |2 czenas 
650 0 7 |a hyperbarická oxygenoterapie  |7 ph579348  |2 czenas 
650 0 9 |a hyperbaric medicine  |2 eczenas 
650 0 9 |a hyperbaric oxygen therapy  |2 eczenas 
655 7 |a kolektivní monografie  |7 fd501537  |2 czenas 
655 9 |a collective monographs  |2 eczenas 
830 0 |a Aeskulap  |0 s 
910 2 |a BOA001  |b 2-1391.265 
920 |a 1130832  |z KLG001 
990 |a BK 
995 |a 01 
991 |b 201706  |c NOV 
996 6 |b 2610710814  |c 2-1391.265  |l MZK  |r Sklad / do 1 hodiny  |n 0  |p p.v.  |w 001616397  |u 000010  |a 1  |e BOA001  |j MZK50  |s P 
996 6 |b 2610712862  |c 2-1391.265  |l MZK  |r STM 6p  |n 0  |p kup  |h 616 HÁJ  |w 001616397  |u 000020  |a 0  |e BOA001  |j MZK50  |s P 
996 7 |b 2610712863  |c 2-1391.265  |l Vol.výběr  |r VV 1p  |n 7  |p kup  |h 616 HÁJ  |w 001616397  |u 000030  |a 0  |e BOA001  |j MZK50  |s A